Journey to the abyss : the diaries of Count Harry Kessler, 1880-1918 /

Na minha lista:
Detalhes bibliográficos
Autor principal: Kessler, Harry
Outros Autores: Easton, Laird McLeod
Formato: Livro
Idioma:inglês
Publicado em: New York : Alfred A. Knopf, 2011
Tags: Adicionar Tag
Sem tags, seja o primeiro a adicionar uma tag!

MARC

LEADER 00000nam a22000007i 4500
001 IT\ICCU\PUV\1334682
003 ItRI
005 20260115232000.0
008 120411s2011 xxu|||||| ||||| |||||c
020 |a 9780307265821 
020 |a 9780307278432 (Vintage Books 2013) 
040 |b ita  |c importazione bologna sebina 
041 7 |a eng  |2 ISO-639-2 
100 1 |a Kessler, Harry  |0 IT\ICCU\LO1V\390700 
240 1 0 |a Tagebuch, 1880-1937  |3 IT\ICCU\PUV\1192367  |9 Kessler, Harry 
245 1 0 |a Journey to the abyss :  |b the diaries of Count Harry Kessler, 1880-1918 /  |c edited, translated, and with an introduction by Laird M. Easton. 
260 |a New York :  |b Alfred A. Knopf,  |c 2011 
300 |a XXIV, 924 p. :  |b ill. ;  |c 25 cm. 
700 1 |a Easton, Laird McLeod  |0 IT\ICCU\TO0V\446626 
790 1 |a Kessler, Harry  |c  (Graf von)  |3 IT\ICCU\IEIV\125715  |z Kessler, Harry 
942 |2 ddc  |c BK  |n 0 
952 |0 0  |1 0  |4 0  |6 DOC_943_084000000000000_KES  |7 0  |9 18477  |a BO  |b BO  |d 2026-01-15  |i 20080  |l 0  |o DOC 943.084 KES  |p BO20080  |r 2026-01-15 23:20:00  |w 2026-01-15  |x [Sebina 5] [1 v.]  |y BK  |z 1 v. 
999 |c 15641  |d 15641